| 000 | 01028cam a22003017a 4500 | ||
|---|---|---|---|
| 001 | he 66001252 | ||
| 003 | DLC | ||
| 005 | 20260227111440.0 | ||
| 008 | 851003m19669999is l 000 0 heb | ||
| 010 | _ahe 66001252 | ||
| 040 |
_aDLC _cDLC _dDLC |
||
| 042 | _alccopycat | ||
| 043 | _aa-is--- | ||
| 050 | 0 | 0 |
_aKMK2300 _b.V56 1966 |
| 066 | _c(2 | ||
| 100 | 1 |
_6880-01 _aṾinograd, Eliyahu. |
|
| 245 | 1 | 0 |
_6880-02 _aDine rashuyot meḳomiyot / _cme-et Eliyahu Ṿinograd. |
| 250 |
_6880-03 _aMahad. 2. |
||
| 260 |
_6880-04 _aRamat ha-Sharon : _bHalakhot _c[1966-1968]. |
||
| 300 |
_a2 v. (loose-leaf) ; _c25 cm. |
||
| 500 | _aKept up to date with supplements. | ||
| 500 | _aPL480:Is-3318 | ||
| 650 | 0 |
_aLocal government _xLaw and legislation _zIsrael. |
|
| 880 | 1 |
_6100-01/(2/r _aוינוגרד, אליהו. |
|
| 880 | 1 | 0 |
_6245-02/(2/r _aדיני רשויות מקומיות / _cמאת אליהו וינוגרד. |
| 880 |
_6250-03/(2/r _aמהד׳ 2. |
||
| 880 |
_6260-04/(2/r _aרמת-השרון : _bהלכות, _c[1966-1968] |
||
| 999 |
_c31846 _d31846 |
||